WISC-III. Test de inteligencia para niños de Wechsler: manual de administración y puntuación. Normas de estandarización chilena
Salvato in:
| Autori principali: | , |
|---|---|
| Natura: | Libro |
| Lingua: | spagnolo |
| Pubblicazione: |
Santiago
Universidad Católica de Chile
2010
|
| Edizione: | 5a. ed |
| Soggetti: | |
| Tags: |
Aggiungi Tag
Nessun Tag, puoi essere il primo ad aggiungerne!!
|
MARC
| LEADER | 00000cam a2200000 a 4500 | ||
|---|---|---|---|
| 001 | UCF4810 | ||
| 003 | CL-VaPUC | ||
| 008 | 130103e20100000CL |||||||||||||||||spa|d | ||
| 020 | |a 9789561409248 | ||
| 082 | 0 | 4 | |a 153.93 |b RAM |2 21 |
| 100 | |a Ramírez Ceballos, Valeria |e autora |9 530922 | ||
| 700 | 0 | |a Rosas Díaz, Ricardo |e author |9 566455 | |
| 245 | 1 | 0 | |a WISC-III. Test de inteligencia para niños de Wechsler: manual de administración y puntuación. Normas de estandarización chilena |
| 250 | |a 5a. ed | ||
| 300 | |a 179 p | ||
| 942 | |c BK | ||
| 945 | |d 20130103 00:00:00 |a cmena | ||
| 260 | |a Santiago |b Universidad Católica de Chile |c 2010 | ||
| 500 | |a Bolso incluye: | ||
| 500 | |a 1 cuaderno de estímulos | ||
| 500 | |a Plantilla de puntuación de claves y plantilla articulada para composición de objetos | ||
| 500 | |a 10 cuadernillos de respuestas, Búsqueda de símbolos; 10 cuadernillos de respuestas, Laberintos; 10 cuadernillos de evaluación y puntajes | ||
| 500 | |a 1 bolsito con 14 compartimentos de láminas para Ordenación de Historias | ||
| 500 | |a 1 bolsito con 9 cubos blanco con rojo para Construcción con Cubos | ||
| 500 | |a 1 bolsito con 6 rompecabezas de madera, para Ensamblaje de objetos | ||
| 500 | |a 1 cronómetro | ||
| 650 | 0 | |a Test de inteligencia |9 309025 | |
| 650 | 0 | |a Psicología del niño |9 307305 | |
| 650 | 0 | |a Tests psicológicos |9 308644 | |
| 583 | |a last modification |c 20171115 01:36:08 |k Rodrigo Vera | ||
| 999 | |c 350504 |d 350502 | ||
| 952 | |0 0 |1 0 |4 0 |6 153_930000000000000_RAM_2010 |7 0 |8 R |9 453905 |a BIBEDU |b BIBEDU |d 2019-11-22 |i 4958411 |o 153.93 RAM 2010 |p 4958411 |r 2019-11-22 |w 2019-11-22 |y BK_R |k PSI | ||
| 952 | |0 0 |1 0 |4 0 |6 153_930000000000000_RAM_2010 |7 0 |8 R |9 453906 |a BIBEDU |b BIBEDU |c MCIRC |d 2019-11-22 |i 4942159 |o 153.93 RAM 2010 |p 4942159 |r 2023-01-13 |w 2019-11-22 |y BK_R |k PSI | ||
| 952 | |0 0 |1 0 |4 0 |6 153_930000000000000_RAM_2010 |7 0 |8 R |9 453907 |a BIBEDU |b BIBEDU |d 2019-11-22 |i 4942167 |o 153.93 RAM 2010 |p 4942167 |r 2019-11-22 |w 2019-11-22 |y BK_R |k PSI | ||
| 952 | |0 0 |1 0 |4 0 |6 153_930000000000000_RAM_2010 |7 0 |8 R |9 453908 |a BIBEDU |b BIBEDU |d 2019-11-22 |i 4942175 |l 1 |o 153.93 RAM 2010 |p 4942175 |r 2023-09-25 |s 2023-09-14 |w 2019-11-22 |y BK_R |k PSI | ||
| 952 | |0 0 |1 0 |3 erb |4 0 |6 153_930000000000000_RAM_2010 |7 0 |8 R |9 453909 |a BIBEDU |b BIBEDU |i 5128323 |o 153.93 RAM 2010 |p 5128323 |r 2019-11-22 |w 2019-11-22 |y BK_R |z Catalogado en:20141204 |k PSI | ||
| 952 | |0 0 |1 0 |3 erb |4 0 |6 153_930000000000000_RAM_2010 |7 0 |8 R |9 453910 |a BIBEDU |b BIBEDU |i 5359902 |o 153.93 RAM 2010 |p 5359902 |r 2019-11-22 |w 2019-11-22 |y BK_R |z Catalogado en:20170113 |k PSI | ||
| 952 | |0 0 |1 0 |3 erb |4 0 |6 153_930000000000000_RAM_2010 |7 0 |8 R |9 453911 |a BIBEDU |b BIBEDU |i 5359929 |o 153.93 RAM 2010 |p 5359929 |r 2023-01-13 |w 2019-11-22 |y BK_R |z Catalogado en:20170113 |k PSI | ||